| 000 | 00955nam a2200229 a 4500 | ||
|---|---|---|---|
| 001 | 19704 | ||
| 003 | CO-ViMGA | ||
| 008 | 141112s2004 ck r 000 u spa d | ||
| 020 | _a9682430380 | ||
| 040 |
_aCO-ViMGA _bspa _cCO-ViMGA |
||
| 082 | 0 | 4 | _a370.19 A551f |
| 100 | 1 |
_aAlmaguer Salazar, Teresa; Elizondo Huerta, Aurora _928521 |
|
| 245 | 1 | 0 | _aFundamentos sociales y psicologicos de la educación |
| 260 |
_aMexico : _bTrillas, _c1998 |
||
| 300 | _a125 p. | ||
| 505 | _aTEMAS. I TEORIA MODERNA Y FUNCIONES SOCIALES DE LA educación, II LA educación EN LA REGION Latinoaméricana, III PolíticaS INTERNACIONALES Y educación EN América, IV PSICOLOGIA EDUCATIVA, V EL DESARROLLO HUMANO Y LAS DIFERENCIAS INDIVIDUALES, VI EVALUACION Y MEDICION | ||
| 590 | _aForma de adquisición : Premio Mincultura | ||
| 650 | 1 | 4 |
_aPSICOLOGIA EDUCATIVA _914914 |
| 650 | 1 | 4 |
_aPSICOPEDAGOGIA _914915 |
| 650 | 1 | 4 |
_aSOCIOLOGIA DE LA educación _953660 |
| 942 |
_2ddc _cBK |
||
| 999 |
_c28839 _d28839 |
||